| 000 | 00807nam a22002415a 4500 | ||
|---|---|---|---|
| 005 | 20201128021309.0 | ||
| 008 | 150616s2014 ii a fr 001 0 eng d | ||
| 020 | _a9789350908389 | ||
| 040 |
_aEG-ScBUE _beng _dEG-ScBUE |
||
| 082 | 0 | 4 |
_a612.00246173 _bGEE _222 |
| 100 | 1 |
_aGeetha, N. _938589 |
|
| 245 | 1 | 0 |
_aTextbook of physiology for nursing students / _cN. Geetha. |
| 250 | _a1st ed. | ||
| 260 |
_aNew Delhi : _bJaypee Brothers Medical Publishers, _c2014. |
||
| 300 |
_axvi, 490 p. : _bill. ; _c24 cm. |
||
| 500 | _aIndex : p. 473-490. | ||
| 650 | 7 |
_aHuman physiology. _2BUEsh _92250 |
|
| 650 | 7 |
_aPhysiology _vNurses' Instruction. _2BUEsh _937660 |
|
| 650 | 7 |
_aNursing _xStudy and teaching. _2BUEsh _936329 |
|
| 651 | _2BUEsh | ||
| 653 |
_bNNUR _cJune2015 _cOctober2015 |
||
| 942 |
_2ddc _k612.00246173 GEE |
||
| 999 |
_c19684 _d19656 |
||